Konflikt náš každodenný
Stratégia riešenia konfliktov na pracovisku. Princípy práce s konfliktom. Mäkké spôsoby - vyjednávanie alebo mediácia.
Saved in:
| Main Author: | |
|---|---|
| Format: | Book Chapter |
| Language: | Slovak |
| Subjects: | |
| Tags: |
No Tags, Be the first to tag this record!
|
MARC
| LEADER | 00000naa a2200000 4500 | ||
|---|---|---|---|
| 001 | 0260400 | ||
| 005 | 20191217083826.5 | ||
| 041 | 0 | |a slo | |
| 044 | |a SK | ||
| 245 | 1 | 0 | |a Konflikt náš každodenný |c Mária Kopčíková |
| 520 | |a Stratégia riešenia konfliktov na pracovisku. Princípy práce s konfliktom. Mäkké spôsoby - vyjednávanie alebo mediácia. | ||
| 610 | 2 | 0 | |a konflikty |
| 610 | 2 | 0 | |a prostredie pracovné |
| 610 | 2 | 0 | |a riadenie ľudských zdrojov |
| 610 | 2 | 0 | |a zručnosti mäkké |
| 610 | 2 | 0 | |a zručnosti sociálne |
| 100 | 1 | |a Kopčíková, Mária | |